Levantando o véu da dualidade (Registo nº 33765)
[ vista simples ]
| 000 -Etiqueta do registo | |
|---|---|
| Valores | 00654nam a2200241 4500 |
| 010 ## - Número ISBN | |
| ISBN | 978-989-66-1169-9 |
| 021 ## - Número do Depósito Legal | |
| -- | PT |
| 090 ## - | |
| -- | 33765 |
| 100 ## - Dados gerais de processamento | |
| Dados gerais | 20210921 frey50 |
| 101 ## - Língua de publicação | |
| -- | por |
| 102 ## - País de publicação | |
| -- | PT |
| 200 ## - Titulo e menção de responsabilidade | |
| Título próprio | Levantando o véu da dualidade |
| Informação de outro título | Como ser livre sem julgamentos |
| Primeira menção de responsabilidade | Andreas Moritz |
| Outras menções de responsabilidade | trad. Vasco Teles de Menezes |
| 205 ## - Menção da edição | |
| Edição | 1ª ed. |
| 210 ## - Publicação | |
| Local de publicação | Alfragide |
| Nome do editor | Casa das Letras |
| Data de publicação | 2021 |
| 215 ## - Descrição física | |
| Paginação / Volumes | 368 p. |
| Dimensões | 24 cm |
| 606 ## - Nome comum usado como assunto | |
| ID Autoridade | 5265 |
| Palavra de ordem | Autoajuda |
| 675 ## - CDU | |
| Notação | 159.9 |
| -- | 104 |
| 700 ## - Autor principal (pessoa individual) | |
| ID Autoridade | 5295 |
| Apelido | Moritz |
| Nome | Andreas |
| 702 ## - Autor secundário (pessoa individual) | |
| -- | 730 |
| ID Autoridade | 5296 |
| Apelido | Menezes |
| Nome | Vasco Teles de |
| 801 ## - Fonte de origem | |
| País | PT |
| Regras de catalogação | RPC |
| 990 ## - Elementos KOHA | |
| Tipo de documento | Livro |
| 994 ## - Estado da catalogação | |
| -- | COMP |
| Situação do levantamento | Estado | Biblioteca de origem | Biblioteca de empréstimo | Código de barras | Cota | Permissão de empréstimo | Tipo de documento |
|---|---|---|---|---|---|---|---|
| Completo | Biblioteca Municipal de Viana Do Alentejo | Biblioteca Municipal de Viana Do Alentejo | 0033576 | 159.9 MOR | Disponível | Livro |